On structural properties of graph continuous functions

Enregistré dans:
Détails bibliographiques
Auteur principal: Sakálová, Katarína, 1955-
Format: Chapitre de livre
Langue:anglais
Tags: Ajouter un tag
Pas de tags, Soyez le premier à ajouter un tag!

MARC

LEADER 00000naa$a2200000$$$4500
001 0094331
005 20240502072040.9
041 0 |a eng 
044 |a SK 
245 1 0 |a On structural properties of graph continuous functions  |c Katarína Sakálová 
100 1 |a Sakálová, Katarína, 1955-